| 000 | 01241cam a22003615i 4500 | ||
|---|---|---|---|
| 999 |
_c29273 _d29244 |
||
| 001 | 20148552 | ||
| 003 | EG-ScBUE | ||
| 005 | 20210729100848.0 | ||
| 008 | 171120t2018 enk f bd 001 0 eng d | ||
| 020 | _a9780128038130 | ||
| 040 |
_aDLC _beng _erda _cDLC _dEG-ScBUE |
||
| 082 | 0 | 4 |
_a612.8233 _bGAG _222 |
| 100 | 1 |
_aGage, Nicole M., _eauthor. |
|
| 245 | 1 | 0 |
_aFundamentals of cognitive neuroscience : _ba beginner's guide / _cNicole M. Gage, Bernard Baars. |
| 250 | _aSecond edition. | ||
| 264 | 1 |
_aLondon : _bElsevier, _c[2018] |
|
| 264 | 4 | _cc2018 | |
| 300 |
_axv, 547 pages : _billustrations (some color) _c24 cm |
||
| 336 |
_atext _btxt _2rdacontent |
||
| 337 |
_aunmediated _bn _2rdamedia |
||
| 338 |
_avolume _bnc _2rdacarrier |
||
| 500 | _aIncludes glossary. | ||
| 504 | _aIncludes bibliographical references and index. | ||
| 650 | 7 |
_aCognitive neuroscience. _xmethods. _2BUEsh |
|
| 650 | 7 |
_aBrain _xphysiology. _2BUEsh |
|
| 653 |
_bGGEN _cJuly2021 |
||
| 655 |
_vReading book _934232 |
||
| 700 | 1 |
_aBaars, Bernard J., _eauthor. |
|
| 906 |
_a0 _bibc _corignew _d2 _eepcn _f20 _gy-gencatlg |
||
| 942 |
_2ddc _cBB |
||